000 00626nam a2200205Ia 4500
005 20260121110356.0
008 008 260114s9999 xx 000 0 hin d
020 _a9788132349150
037 _aEBOOK
040 _aCRL
_bhin
_cCRL
041 _ahin
_2hin
084 _qCRL
100 _aअखिलेश रजक / Akhilesh Rajak
_9945402
245 0 _aज्योतिबा फूले / Jyotiba Phule
260 _bभाषा प्रकाशन / Bhasha Prakashan
_c2020
856 _uhttps://bhashaprakashan.com/product-details/378167
942 _cEBOOK
999 _c1537066
_d1537066